<?xml version="1.0" encoding="UTF-8"?>
<record
    xmlns:xsi="http://www.w3.org/2001/XMLSchema-instance"
    xsi:schemaLocation="http://www.loc.gov/MARC21/slim http://www.loc.gov/standards/marcxml/schema/MARC21slim.xsd"
    xmlns="http://www.loc.gov/MARC21/slim">

  <leader>01335nam2a22002891  4500</leader>
  <controlfield tag="001">rc\713202</controlfield>
  <controlfield tag="005">20250621223312.0</controlfield>
  <datafield tag="010" ind1=" " ind2=" ">
    <subfield code="a">5-89204-012-7</subfield>
    <subfield code="9">1000</subfield>
  </datafield>
  <datafield tag="035" ind1=" " ind2=" ">
    <subfield code="a">(NLR Aleph) 005956813</subfield>
  </datafield>
  <datafield tag="090" ind1=" " ind2=" ">
    <subfield code="a">6813399</subfield>
    <subfield code="c">6813399</subfield>
  </datafield>
  <datafield tag="100" ind1=" " ind2=" ">
    <subfield code="a">20031121d1996    |||y0rusy50      ca</subfield>
  </datafield>
  <datafield tag="101" ind1="0" ind2=" ">
    <subfield code="a">rus</subfield>
  </datafield>
  <datafield tag="102" ind1=" " ind2=" ">
    <subfield code="a">RU</subfield>
  </datafield>
  <datafield tag="105" ind1=" " ind2=" ">
    <subfield code="a">a   |||||||||</subfield>
  </datafield>
  <datafield tag="200" ind1="1" ind2=" ">
    <subfield code="a">&#x412;&#x438;&#x441;&#x43E;&#x43A;&#x43E;&#x441;&#x43D;&#x44B;&#x439; &#x433;&#x43E;&#x434;</subfield>
    <subfield code="f">[&#x418;&#x43B;. &#x41D;. &#x418;&#x432;&#x430;&#x43D;&#x43E;&#x432;&#x43E;&#x439;]</subfield>
  </datafield>
  <datafield tag="210" ind1=" " ind2=" ">
    <subfield code="d">1996</subfield>
    <subfield code="a">&#x411;. &#x43C;.</subfield>
  </datafield>
  <datafield tag="215" ind1=" " ind2=" ">
    <subfield code="a">146 &#x441;.</subfield>
    <subfield code="c">&#x438;&#x43B;., &#x43F;&#x43E;&#x440;&#x442;&#x440;.</subfield>
  </datafield>
  <datafield tag="327" ind1="1" ind2=" ">
    <subfield code="a">&#x421;&#x43E;&#x434;&#x435;&#x440;&#x436;.: &#x426;&#x438;&#x43A;&#x43B;&#x44B;: &#x412;&#x438;&#x441;&#x43E;&#x43A;&#x43E;&#x441;&#x43D;&#x44B;&#x439; &#x433;&#x43E;&#x434;; &#x41C;&#x43E;&#x439; &#x427;&#x435;&#x440;&#x43F;&#x435;&#x43D;&#x438;&#x441;; &#x41F;&#x435;&#x441;&#x43D;&#x438; &#x421;&#x435;&#x440;&#x435;&#x431;&#x440;&#x44F;&#x43D;&#x43E;&#x433;&#x43E; &#x441;&#x430;&#x434;&#x430;</subfield>
  </datafield>
  <datafield tag="461" ind1=" " ind2="0">
    <subfield code="1">001rc\181268</subfield>
    <subfield code="1">2001#$a&#x41D;&#x430;&#x442;&#x430;&#x43B;&#x44C;&#x44F; &#x411;&#x435;&#x440;&#x435;&#x43A;$e[&#x421;&#x442;&#x438;&#x445;&#x438;$e&#x412; 3 &#x43A;&#x43D;.]$f&#x41D;&#x430;&#x442;&#x430;&#x43B;&#x44C;&#x44F; &#x411;&#x435;&#x440;&#x435;&#x43A;$v&#x41A;&#x43D;. 2</subfield>
    <subfield code="1">700#1$a&#x411;&#x435;&#x440;&#x435;&#x43A;$b&#x41D;.&#x414;.$g&#x41D;&#x430;&#x442;&#x430;&#x43B;&#x44C;&#x44F; &#x414;&#x43C;&#x438;&#x442;&#x440;&#x438;&#x435;&#x432;&#x43D;&#x430;</subfield>
    <subfield code="9">7996809</subfield>
    <subfield code="a">&#x411;&#x435;&#x440;&#x435;&#x43A;, &#x41D;.&#x414;.</subfield>
    <subfield code="c">&#x41C;&#x438;&#x430;&#x441;&#x441;</subfield>
    <subfield code="d">1996</subfield>
    <subfield code="f">&#x41D;&#x430;&#x442;&#x430;&#x43B;&#x44C;&#x44F; &#x411;&#x435;&#x440;&#x435;&#x43A;</subfield>
    <subfield code="n">&#x413;&#x435;&#x43E;&#x442;&#x443;&#x440;</subfield>
    <subfield code="o">[&#x421;&#x442;&#x438;&#x445;&#x438; : &#x412; 3 &#x43A;&#x43D;.]</subfield>
    <subfield code="t">&#x41D;&#x430;&#x442;&#x430;&#x43B;&#x44C;&#x44F; &#x411;&#x435;&#x440;&#x435;&#x43A;</subfield>
    <subfield code="v">&#x41A;&#x43D;. 2</subfield>
  </datafield>
  <datafield tag="464" ind1=" " ind2="0">
    <subfield code="1">2001#$a&#x412;&#x438;&#x441;&#x43E;&#x43A;&#x43E;&#x441;&#x43D;&#x44B;&#x439; &#x433;&#x43E;&#x434;</subfield>
    <subfield code="t">&#x412;&#x438;&#x441;&#x43E;&#x43A;&#x43E;&#x441;&#x43D;&#x44B;&#x439; &#x433;&#x43E;&#x434;</subfield>
  </datafield>
  <datafield tag="464" ind1=" " ind2="0">
    <subfield code="1">2001#$a&#x41C;&#x43E;&#x439; &#x427;&#x435;&#x440;&#x43F;&#x435;&#x43D;&#x438;&#x441;</subfield>
    <subfield code="t">&#x41C;&#x43E;&#x439; &#x427;&#x435;&#x440;&#x43F;&#x435;&#x43D;&#x438;&#x441;</subfield>
  </datafield>
  <datafield tag="464" ind1=" " ind2="0">
    <subfield code="1">2001#$a&#x41F;&#x435;&#x441;&#x43D;&#x438; &#x421;&#x435;&#x440;&#x435;&#x431;&#x440;&#x44F;&#x43D;&#x43E;&#x433;&#x43E; &#x441;&#x430;&#x434;&#x430;</subfield>
    <subfield code="t">&#x41F;&#x435;&#x441;&#x43D;&#x438; &#x421;&#x435;&#x440;&#x435;&#x431;&#x440;&#x44F;&#x43D;&#x43E;&#x433;&#x43E; &#x441;&#x430;&#x434;&#x430;</subfield>
  </datafield>
  <datafield tag="801" ind1=" " ind2="0">
    <subfield code="a">RU</subfield>
    <subfield code="b">NLR</subfield>
    <subfield code="g">psbo</subfield>
  </datafield>
  <datafield tag="801" ind1=" " ind2="1">
    <subfield code="a">RU</subfield>
    <subfield code="b">ELAR</subfield>
    <subfield code="2">rusmarc</subfield>
  </datafield>
  <datafield tag="852" ind1=" " ind2=" ">
    <subfield code="a">NLR</subfield>
    <subfield code="j">97-1/139-2</subfield>
  </datafield>
  <datafield tag="942" ind1=" " ind2=" ">
    <subfield code="c">BOOK</subfield>
  </datafield>
  <datafield tag="980" ind1=" " ind2=" ">
    <subfield code="a">NB</subfield>
  </datafield>
  <datafield tag="995" ind1=" " ind2=" ">
    <subfield code="5">2013-10-26</subfield>
    <subfield code="b">NLR01</subfield>
    <subfield code="c">NLR01</subfield>
    <subfield code="e">RF8</subfield>
    <subfield code="f">5956813-10</subfield>
    <subfield code="k">97-1/139-2</subfield>
    <subfield code="o">0</subfield>
    <subfield code="r">BOOK</subfield>
    <subfield code="s">9711392_</subfield>
  </datafield>
</record>
